Introducción /

Wedi'i Gadw mewn:
Manylion Llyfryddiaeth
Prif Awdur: Sapoznikov, Jorge
Awduron Eraill: coord
Fformat: Texto
Pynciau:
Tagiau: Ychwanegu Tag
Dim Tagiau, Byddwch y cyntaf i dagio'r cofnod hwn!

MARC

LEADER 00000 a a2200000 04500
001 13239
003
040
100 |a Sapoznikov, Jorge  
245 |a Introducción /  |c Jorge Sapoznikov 
650 |a DESASTRES NATURALES  
650 |a PREVENCION DE DESASTRES  
650 |a AYUDA ECONOMICA  
650 |a GLOBALIZACION  
700 |a coord  
773 |g número 3; páginas 15-80  
999 |c 26210  |d 26210